000 00512nam a22001577a 4500
008 230412b |||||||| |||| 00| 0 eng d
020 _a0145150471.
050 _aB1489.N66 1999.
100 _aNoonan W.Harold
_952314
245 _aRoutledge philosophy guidenook to Hume;
_bon knowledge,
_cHarold W. Noonan
260 _aLondon:
_bRoutledge.
300 _aix;
_b221,
_c20cm.
650 _aHume, David
_y1711-1776.treatise of human nature book 1
_952315
650 _aphilosophy of mind.
942 _2lcc
_cMONOGRAPH
999 _c131736
_d131736